Guide to reference books (Record no. 14654)

MARC details
000 -LEADER
fixed length control field 00375nam a2200145Ia 4500
082 ## - DEWEY DECIMAL CLASSIFICATION NUMBER
Classification number RR 011.02 WIN-;
100 ## - MAIN ENTRY--AUTHOR NAME
Personal name Winchell, Constance M.
245 #0 - TITLE STATEMENT
Title Guide to reference books
250 ## - EDITION STATEMENT
Edition statement 8th
260 ## - PUBLICATION, DISTRIBUTION, ETC. (IMPRINT)
Place of publication Chicago
Name of publisher American Library Association
Year of publication 1967
300 ## - PHYSICAL DESCRIPTION
Number of Pages xx, 741p.
504 ## - BIBLIOGRAPHY, ETC. NOTE
Bibliography, etc Includes index; ref
650 ## - SUBJECT ADDED ENTRY--TOPICAL TERM
Topical Term Reference books - Bibliography
942 ## - ADDED ENTRY ELEMENTS (KOHA)
Koha item type Books
Holdings
Withdrawn status Lost status Damaged status Not for loan Home library Current library Date acquired Full call number Accession Number Price effective from Koha item type
        NASSDOC Library NASSDOC Library 08/06/2004 RR 011.02 WIN-; 145 18/04/2019 Books